[Event "I Magistral Barbera del Valles 2021"]
[Site "Barbera del Valles"]
[Date "2021.11.22"]
[Round "2.5"]
[White "Asis Gargatagli, Hipolito"]
[Black "Rios, Cristian Camilo"]
[Result "1-0"]
[WhiteElo "2502"]
[BlackElo "2460"]
[Annotator "TA"]
[PlyCount "65"]
[EventDate "2021.11.20"]
[EventType "tourn"]
[EventCountry "ESP"]
[SourceTitle "playchess.com"]
[Source "ChessBase"]
[SourceQuality "1"]

{[%evp 15,65,14,14,14,12,4,3,8,10,-5,-21,-23,28,26,31,35,12,23,58,61,55,31,113,96,83,89,285,286,535,524,529,533,490,506,490,503,466,474,420,387,591,588,882,832,1320,1293,1955,2025,1745,2025,1903,1891]} 1. e4 c5 2. Nf3 Nc6 3. Bb5 g6 4. O-O Bg7 5. c3 Nf6 6. Re1 O-O 7. d4 d5 {now supersedes 7...cxd4.} 8. e5 Ne4 9. Be3 {B31: Sicilian: 2...Nc6 3 Bb5 g6.} Qb6 10. Qe2 cxd4 11. cxd4 {The position is equal.} Bd7 12. a4 {[%cal Ba2a4,Ba4a5][%mdl 32]} a6 13. Bd3 Nb4 (13... f5 $142) 14. a5 $11 {[#]} Qe6 $146 ({Predecessor:} 14... Qd8 15. Bxe4 dxe4 16. Ng5 Rc8 17. Nc3 f6 18. Ngxe4 fxe5 19. dxe5 Bxe5 20. Rad1 Qe8 {½-½ (37) Sasikiran,K (2647)-Yakovich,Y (2526) Chess.com INT 2020}) 15. Bxe4 dxe4 16. Ng5 {[%csl LRe4,LRe6]} Qf5 17. Nc3 Bc6 18. e6 fxe6 {[#]} (18... h6 $1 $14 19. g4 (19. exf7+ Kh8 $11) (19. Nxf7 g5 $11) 19... Qf6 20. exf7+ Rxf7 21. Nxf7 Qxf7) 19. g4 $1 $36 {[%cal Rg4f5][%mdl 2048] White is really pushing.} Qf6 20. Qc4 Nc2 {This costs Black the game.} (20... h6 $16 21. Ncxe4 (21. Nxe6 Rf7 $11) 21... Bxe4 22. Nxe4 Qf3) 21. Ncxe4 $18 {[%mdl 64] Discovered Attack} Nxe1 $2 (21... Bxe4 {was worth a try.} 22. Nxe4 Qf3 23. Qxc2 Rac8) 22. Nxf6+ exf6 23. Qxe6+ ({Less strong is} 23. Rxe1 Bd5 $16) 23... Kh8 24. Nf7+ ({Not} 24. Rxe1 fxg5 25. Rc1 (25. Bxg5 Bxd4 26. Be3 Bxb2 $16) 25... Rfe8 $18) 24... Rxf7 25. Qxf7 Nf3+ 26. Kf1 Nxh2+ 27. Ke1 Nxg4 (27... Nf3+ {was necessary.} 28. Kd1 Ng5) 28. Rc1 {White is clearly winning.} f5 29. d5 Ne5 30. dxc6 Nxf7 31. cxb7 Rd8 32. Rc8 Be5 {[#]} 33. Bd4 $1 {[%mdl 576] Pin.  Weighted Error Value: White=0.04/Black=0.67} 1-0

[Event "I Magistral Barbera del Valles 2021"]
[Site "Barbera del Valles"]
[Date "2021.11.23"]
[Round "3.1"]
[White "Rios, Cristian Camilo"]
[Black "Garriga Cazorla, Pere"]
[Result "1/2-1/2"]
[WhiteElo "2460"]
[BlackElo "2477"]
[Annotator "TA"]
[PlyCount "69"]
[EventDate "2021.11.20"]
[EventType "tourn"]
[EventCountry "ESP"]
[SourceTitle "playchess.com"]
[Source "ChessBase"]
[SourceQuality "1"]

{[%evp 12,69,20,18,12,3,7,16,23,-4,15,7,12,13,7,11,7,2,6,0,39,-19,16,0,0,-8,38,15,14,18,64,23,11,2,26,24,23,11,55,40,39,44,42,29,41,23,23,23,23,23,28,23,23,23,24,4,2,0,0,0]} 1. d4 Nf6 2. c4 e6 3. Nc3 Bb4 4. Qc2 d5 5. cxd5 exd5 6. Bg5 h6 7. Bh4 {The main line 7.Bh4 scores better than 7.Bxf6.} Nc6 {And now ...g5 would win. E35: Nimzo-Indian: Classical: 4...d5 5 cxd5 exd5.} 8. e3 g5 9. Bg3 h5 10. Bd3 Qe7 {[#] Strongly threatening ...Nxd4.} (10... h4 $5 11. Be5 $8 Be6 $11) 11. Nf3 h4 12. Be5 g4 13. Nd2 Rh5 14. Bxf6 Qxf6 {[#]} 15. O-O-O $146 ({Predecessor:} 15. a3 Bxc3 16. Qxc3 g3 17. hxg3 hxg3 18. Rxh5 Qxf2+ 19. Kd1 Bg4+ 20. Kc2 Bxh5 21. Rh1 {½-½ (27) Nguyen,A (2448)-Van Kampen,R (2640) Baku 2016}) 15... Bd6 ({But not} 15... Qxf2 $2 16. Rdf1 $18) 16. a3 (16. Qb3 $14) 16... a6 ({Wrong is} 16... Qxf2 $2 17. Rdf1 $18) 17. Nb3 Be6 18. Kb1 Ne7 19. e4 dxe4 20. Nxe4 Qf4 21. g3 Qh6 22. Rhe1 O-O-O 23. Nbc5 Bxc5 24. Nxc5 Rxd4 25. Nxa6 {[%csl Ga6][%cal Rc2c7] [#]} c6 26. Nc5 Rhd5 27. Nxe6 fxe6 28. Bc4 Rxd1+ 29. Rxd1 Rxd1+ 30. Qxd1 hxg3 31. hxg3 Qg6+ 32. Qc2 {Black must now prevent Qxg6.} Qf5 33. Bd3 Qf6 34. Qc4 Kd7 35. Qb4 {Weighted Error Value: White=0.12/Black=0.10} 1/2-1/2

[Event "I Magistral Barbera del Valles 2021"]
[Site "Barbera del Valles"]
[Date "2021.11.23"]
[Round "3.2"]
[White "Hernandez, Cristian"]
[Black "Asis Gargatagli, Hipolito"]
[Result "1/2-1/2"]
[WhiteElo "2376"]
[BlackElo "2502"]
[Annotator "TA"]
[PlyCount "52"]
[EventDate "2021.11.20"]
[EventType "tourn"]
[EventCountry "ESP"]
[SourceTitle "playchess.com"]
[Source "ChessBase"]
[SourceQuality "1"]

{[%evp 10,52,-1,-1,0,-10,-6,4,7,20,54,-6,-12,-18,-16,-17,-18,-35,-21,-37,-35,-106,-34,-26,0,-8,0,0,0,-21,-20,-15,7,-10,0,-11,0,-8,14,0,0,0,1,0,0]} 1. d4 Nf6 2. Nf3 e6 3. c4 d5 4. Nc3 dxc4 5. e3 a6 6. a4 b6 {D24: Queen's Gambit Accepted: 3 Nf3 Nf6 4 Nc3.} 7. Bxc4 Bb7 8. O-O Bb4 9. Qb3 Qe7 10. Ne5 (10. d5 $1 $14) 10... O-O 11. Bd2 c5 12. dxc5 {[#]} Bxc5 $146 ({Predecessor:} 12... bxc5 13. Be2 Nc6 14. Nxc6 Bxc6 15. Rfd1 Qb7 16. Bf1 Rfd8 17. Rac1 Rac8 18. Qc4 Rd6 19. Be1 Rxd1 20. Rxd1 a5 {½-½ (20) Huseyinkulu,G-Vasquez Ramirez,R (2235) Oropesa del Mar 2000}) 13. Be2 Qc7 14. Nd3 Bd6 15. Rac1 (15. h3 $15) 15... Nc6 ({Better is} 15... Bxh2+ $17 16. Kh1 Nc6) 16. h3 $15 Na5 17. Qa2 {The position is equal.} Qc4 18. Qxc4 Nxc4 19. Rfd1 Nxd2 20. Rxd2 e5 21. Bd1 Rfd8 {Threatens to win with ...Bb4!} 22. Bb3 e4 {[#] aiming for ...Be7.} 23. Nf4 Be5 24. Ncd5 Nxd5 25. Bxd5 Bxd5 26. Rxd5 Bxf4 {Weighted Error Value: White=0.13/Black=0.13} 1/2-1/2

[Event "I Magistral Barbera del Valles 2021"]
[Site "Barbera del Valles"]
[Date "2021.11.23"]
[Round "3.3"]
[White "Munoz, Miguel"]
[Black "Sankalp Gupta"]
[Result "1/2-1/2"]
[WhiteElo "2450"]
[BlackElo "2468"]
[Annotator "TA"]
[PlyCount "45"]
[EventDate "2021.11.20"]
[EventType "tourn"]
[EventCountry "ESP"]
[SourceTitle "playchess.com"]
[Source "ChessBase"]
[SourceQuality "1"]

{[%evp 10,45,11,0,47,0,8,0,0,0,0,-11,-14,-20,-10,-6,-8,-12,-18,-14,-6,-25,-24,-22,-24,-28,-34,-29,0,0,0,0,0,0,0,0,0,0]} 1. e4 c5 2. Nf3 d6 3. Bb5+ Nd7 4. d4 cxd4 5. Qxd4 a6 6. Bxd7+ Qxd7 {B51: Sicilian: Moscow Variation (3 Bb5+) without 3...Bd7.} 7. c4 e5 8. Qd3 f5 9. Nc3 Nf6 10. Bg5 (10. O-O {with more complications.} fxe4 11. Nxe4 b5 12. Re1 Nxe4 13. Rxe4 Bb7 14. Rh4) 10... fxe4 11. Nxe4 Nxe4 12. Qxe4 {[#]} Qg4 $146 ({Predecessor:} 12... h6 13. Be3 Qf7 14. c5 Bf5 15. Qb4 Qc7 16. Qa4+ Bd7 17. Qe4 O-O-O 18. O-O Bc6 {½-½ (49) Jones,G (2670)-Grandelius,N (2662) chess24.com INT 2020}) 13. Qxg4 Bxg4 14. Nd2 b5 15. b3 Rc8 16. O-O h6 17. Be3 Be7 18. f4 bxc4 19. Nxc4 {The position is equal.} Be2 20. Nb6 Rc3 21. Nd5 Rd3 22. Rfe1 Rxd5 23. Rxe2 {An uneventful encounter.  Weighted Error Value: White=0.06/Black=0.02} 1/2-1/2

[Event "I Magistral Barbera del Valles 2021"]
[Site "Barbera del Valles"]
[Date "2021.11.23"]
[Round "3.4"]
[White "Alonso Garcia, Aaron"]
[Black "Vasquez Schroeder, Rodrigo"]
[Result "0-1"]
[WhiteElo "2367"]
[BlackElo "2485"]
[Annotator "TA"]
[PlyCount "80"]
[EventDate "2021.11.20"]
[EventType "tourn"]
[EventCountry "ESP"]
[SourceTitle "playchess.com"]
[Source "ChessBase"]
[SourceQuality "1"]

{[%evp 11,80,15,57,33,33,33,31,21,33,41,45,45,56,16,31,0,22,-7,3,-20,-21,-21,-20,-17,-10,-25,-13,-29,2,-29,-28,-18,0,0,0,0,-8,-6,-8,-9,-3,-7,0,0,6,0,0,-44,-44,-68,-55,-77,-77,-302,-298,-306,-300,-295,-298,-305,-285,-282,-285,-448,-443,-753,-734,-742,-753,-29991,-29992]} 1. e4 c5 2. Nf3 d6 3. d4 cxd4 4. Nxd4 Nf6 5. Nc3 a6 6. f3 Qb6 7. Bc4 {B90: Sicilian Najdorf: Unusual White 6th moves, 6 Be3 Ng4 and 6 Be3 e5.} Nc6 8. Nxc6 bxc6 9. Bb3 {White is slightly better.} e6 10. Qe2 {[#]} Qc7 $146 ({Predecessor:} 10... Be7 11. Be3 Qc7 12. O-O-O a5 13. g4 Ba6 14. Qg2 Nd7 15. f4 Nc5 16. Bxc5 dxc5 {½-½ (46) Rodshtein,M (2673)-Artemiev,V (2736) Skopje 2019}) 11. Bf4 Nd7 12. Na4 Be7 13. Qd2 Ne5 14. O-O O-O 15. c4 c5 16. Rad1 Rd8 17. Qf2 Bb7 18. Rd2 h6 19. Rfd1 Bg5 20. Qg3 Bxf4 21. Qxf4 Ng6 22. Qg3 {[%cal Rd2d6]} e5 23. Nc3 Nf4 24. Nd5 Bxd5 25. exd5 f5 26. Qh4 Kh7 27. Bc2 {And now g3 would win.} Rf8 28. Kh1 Rae8 29. g4 g6 30. gxf5 gxf5 31. Rg1 {[#]} Qe7 $1 $36 {[%cal Re7h4][%mdl 2048] Black is really pushing.} 32. Qg4 {[#] White does not recover from this.} (32. Qxe7+ $17 {was necessary.} Rxe7 33. Rg3) 32... Kh8 $1 $19 33. Qg3 ({Not} 33. Bxf5 $2 Rg8 $19) 33... Rg8 34. Qe1 Rxg1+ 35. Qxg1 Rg8 36. Qf1 Qg5 37. Rf2 (37. b4 $142 cxb4 38. c5 dxc5 39. Bb3) 37... h5 38. a3 (38. h4 $142 Qxh4+ 39. Rh2) 38... h4 39. h3 Nh5 {( -> ...Ng3+)} 40. Kh2 Qf4+ {Weighted Error Value: White=0.57/Black=0.04} 0-1

[Event "I Magistral Barbera del Valles 2021"]
[Site "Barbera del Valles"]
[Date "2021.11.23"]
[Round "3.5"]
[White "Lopez Martinez, Josep Manuel"]
[Black "Alsina Leal, Daniel"]
[Result "1/2-1/2"]
[WhiteElo "2520"]
[BlackElo "2497"]
[Annotator "TA"]
[PlyCount "93"]
[EventDate "2021.11.20"]
[EventType "tourn"]
[EventCountry "ESP"]
[SourceTitle "playchess.com"]
[Source "ChessBase"]
[SourceQuality "1"]

{[%evp 11,93,26,35,37,41,23,41,46,43,37,48,8,31,37,33,49,48,53,59,43,39,49,38,19,42,42,40,40,40,40,40,43,41,35,37,37,42,43,60,61,65,13,15,15,16,15,7,0,0,0,18,7,8,8,8,0,0,0,0,0,0,0,0,0,0,0,0,0,0,0,0,0,0,0,0,0,0,0,0,0,0,0,0,0]} 1. c4 c5 2. g3 Nf6 3. Bg2 d5 4. cxd5 Nxd5 5. Nc3 Nc7 6. d3 Nc6 7. Bxc6+ {A34: Symmetrical English: 2 Nc3, lines with ...d5.} bxc6 {[#]} 8. f4 $146 ({Predecessor:} 8. Nf3 Ne6 9. Qa4 Nd4 10. Be3 Nxf3+ 11. exf3 g6 12. Bxc5 Bg7 13. Qxc6+ Bd7 14. Qe4 Rc8 {1-0 (25) Gustafsson,J (2645)-Naumann,A (2543) Germany 2019}) 8... g6 9. b3 {White is slightly better.} Bg7 10. Bb2 O-O 11. Qd2 Ne6 12. Ne4 Bxb2 13. Qxb2 a5 14. Nf3 a4 15. O-O axb3 16. axb3 Rb8 17. Rac1 Qb6 18. Kg2 Qxb3 19. Qxb3 Rxb3 20. Nxc5 Rb2 21. Kf2 Rd8 22. Ke3 Nxc5 23. Rxc5 Rd6 24. Rfc1 Re6+ 25. Re5 Rb6 26. Ra1 ({Better is} 26. Kf2 $14) 26... f6 $11 {The position is equal.} 27. Rxe6 Bxe6 {[%mdl 4096] Endgame KRB-KRN} 28. Ra7 Kf7 29. Rc7 Ke8 30. Nd4 Bd5 31. Rc8+ Kd7 32. Rh8 c5 33. Nf3 c4 34. dxc4 ({Don't go for} 34. Rxh7 $2 Bxf3 35. dxc4 Rb3+ 36. Kf2 Be4 $19) 34... Bxc4 35. Rxh7 Re6+ 36. Kd4 Bxe2 37. Nh4 Rd6+ 38. Ke3 Re6+ 39. Kd2 Bh5 40. Kd3 Be2+ 41. Kd4 Rd6+ 42. Ke3 Re6+ 43. Kf2 Bd3 {[#] Hoping for ...g5.} 44. Rg7 Re2+ 45. Kf3 Rxh2 46. Nxg6 Bxg6 47. Rxg6 {Weighted Error Value: White=0.05/Black=0.03} 1/2-1/2

[Event "I Magistral Barbera del Valles 2021"]
[Site "Barbera del Valles"]
[Date "2021.11.24"]
[Round "4.1"]
[White "Garriga Cazorla, Pere"]
[Black "Alsina Leal, Daniel"]
[Result "0-1"]
[WhiteElo "2477"]
[BlackElo "2497"]
[Annotator "TA"]
[PlyCount "88"]
[EventDate "2021.11.20"]
[EventType "tourn"]
[EventCountry "ESP"]
[SourceTitle "playchess.com"]
[Source "ChessBase"]
[SourceQuality "1"]

{[%evp 9,88,27,45,34,41,13,16,8,20,20,20,20,10,24,66,60,61,64,94,78,64,-20,-9,-10,-6,-7,0,0,0,-13,-24,-86,-72,-81,-33,-85,-82,-73,-65,-87,-47,-50,-45,-68,-36,-60,-59,-50,-53,-151,-131,-128,-112,-116,-120,-131,-126,-138,-119,-129,-119,-137,0,-160,-154,-119,-102,-336,-313,-537,-566,-493,-467,-616,-620,-1835,-1870,-1498,-1355,-29983,-29984]} 1. d4 Nf6 2. c4 g6 3. f3 c5 4. d5 d6 5. e4 Bg7 6. Ne2 {E60: King's Indian: Unusual lines and Fianchetto Variation without Nc3.} e6 7. Nbc3 {was the old line (7.Nec3).} exd5 8. cxd5 {The position is equal.} a6 9. a4 Nbd7 10. Ng3 h5 11. Be2 h4 12. Nf1 Rb8 13. Bg5 {[#]} h3 $146 ({Predecessor:} 13... Qc7 14. Nd2 Nh5 15. Nc4 Ne5 16. Qd2 Nxc4 17. Bxc4 Qa5 18. Be3 b5 19. Be2 Bd7 {0-1 (32) Popov,S (2447)-Kovacevic,A (2522) Kragujevac 2016}) 14. g4 O-O 15. Be3 (15. Ne3 $14) 15... b5 $11 16. axb5 axb5 17. Ng3 Ne5 18. O-O ({Of course not} 18. Bxb5 Nfxg4 19. fxg4 Nxg4 $17) 18... Nc4 19. Bxc4 bxc4 20. Qd2 (20. Ra2 $11 {remains equal.}) 20... Nd7 $17 21. Rab1 Re8 22. Kh1 (22. Bg5 $1 $15 f6 23. Bh6) 22... Ne5 23. Bg5 Qa5 24. Bh6 Bf6 25. Bg5 Bh8 26. Nf5 Bxf5 27. gxf5 Nd3 {And now ...Rxb2! would win.} 28. fxg6 fxg6 {Hoping for ...Rxb2!} 29. Qc2 (29. Bh4 $1 $15 Qa7 30. Bg3) 29... Bxc3 30. bxc3 Rxb1 31. Rxb1 Ra8 32. Be7 Qc7 33. Bh4 Qf7 34. Qe2 Rf8 35. Rf1 {[#]} Rb8 ({Black should try} 35... Re8 $1 $17 36. Rg1 Rb8) 36. Qe3 $2 {[#]} (36. f4 $1 $11) 36... Qf4 $1 $36 {[%cal Rf4e3][%mdl 2048] White is under strong pressure.} 37. Qxf4 Nxf4 {[%mdl 4096] Endgame KRB-KRN} 38. Bg5 $2 {White does not recover from this.} (38. Ra1 $17 {keeps fighting.}) 38... Nd3 $19 39. f4 $2 {[#]} (39. Ra1 {was worth a try.} Rb2 40. Ra8+ Kf7 41. Ra7+ Ke8 42. Ra8+ Kd7 43. Ra7+ Kc8 44. Ra1) 39... Nf2+ $1 {[%mdl 576] Double Attack} 40. Kg1 Nxe4 41. Bh4 Rb2 42. Re1 Rg2+ 43. Kh1 Nxc3 44. Re3 Ne2 {[%csl Ge2][%cal Rg2g1] Weighted Error Value: White=0.59/Black=0.10} 0-1

[Event "I Magistral Barbera del Valles 2021"]
[Site "Barbera del Valles"]
[Date "2021.11.24"]
[Round "4.2"]
[White "Vasquez Schroeder, Rodrigo"]
[Black "Lopez Martinez, Josep Manuel"]
[Result "1/2-1/2"]
[WhiteElo "2485"]
[BlackElo "2520"]
[Annotator "TA"]
[PlyCount "43"]
[EventDate "2021.11.20"]
[EventType "tourn"]
[EventCountry "ESP"]
[SourceTitle "playchess.com"]
[Source "ChessBase"]
[SourceQuality "1"]

{[%evp 9,43,14,17,12,10,10,22,18,54,44,51,39,37,35,40,43,53,49,57,53,26,30,51,33,39,45,41,37,35,28,45,9,25,-5,0,0]} 1. d4 Nf6 2. Nf3 e6 3. e3 d5 4. Bd3 Nbd7 5. Nbd2 c5 6. b3 {D05: Colle System with ...e6.} cxd4 7. exd4 Bb4 8. Bb2 Qa5 9. O-O Bc3 10. Bxc3 Qxc3 {[#]} 11. Re1 $146 ({Predecessor:} 11. Qe2 O-O 12. Qe3 Qa5 13. Rad1 b5 14. a3 Bb7 15. Ne5 Qb6 16. f4 Nxe5 17. fxe5 {½-½ (24) Pultinevicius,P-Lukosius,R (1872) Plunge 2012}) 11... b6 12. a4 Bb7 13. a5 Rc8 14. axb6 axb6 15. Ra7 Rb8 16. Qe2 O-O 17. Qe3 {[#] And now Bxh7+! would win.} Qc7 18. Ne5 Ra8 19. Rxa8 Bxa8 20. Nef3 Bb7 21. c4 Qd6 22. Ra1 {Weighted Error Value: White=0.08/Black=0.08} 1/2-1/2

[Event "I Magistral Barbera del Valles 2021"]
[Site "Barbera del Valles"]
[Date "2021.11.24"]
[Round "4.3"]
[White "Sankalp Gupta"]
[Black "Alonso Garcia, Aaron"]
[Result "1-0"]
[WhiteElo "2468"]
[BlackElo "2367"]
[Annotator "TA"]
[PlyCount "53"]
[EventDate "2021.11.20"]
[EventType "tourn"]
[EventCountry "ESP"]
[SourceTitle "playchess.com"]
[Source "ChessBase"]
[SourceQuality "1"]

{[%evp 14,52,35,17,16,25,21,25,31,32,34,38,112,97,110,108,139,131,131,130,198,198,195,205,494,478,867,815,29963,6947,29959,5747,29992,29993,29993,29994,29994,29995,29998,29999,29999]} 1. e4 {Edouard,R} c5 2. Nf3 e6 3. d4 cxd4 4. Nxd4 Nc6 5. Nc3 Qc7 6. Be3 a6 7. a3 {7.Qf3 gains popularity.} b5 8. Nxc6 dxc6 {B48: Sicilian: Taimanov: 5 Nc3 Qc7 6 Be3 a6 without Be2.} 9. Qg4 e5 10. Qg3 Nf6 {White has an edge.} 11. Be2 h5 12. f4 {[#]} Bg4 $146 (12... h4 $14 13. Qg5 exf4 14. Bxf4 Qe7) ({Predecessor:} 12... Be7 13. f5 Bb7 14. Rd1 Kf8 15. O-O Re8 16. Qf2 c5 17. a4 b4 18. Nd5 Bxd5 19. exd5 {½-½ (74) Edouard,R (2640)-Iljiushenok,I (2489) Minsk 2017 CBM 179 [Edouard,R]}) 13. fxe5 $16 Bxe2 14. Nxe2 Ng4 15. Bf4 {Strongly threatening h3.} Bc5 {...Bf2+ is the strong threat.} 16. Rf1 {aiming for h3.} g5 (16... O-O-O $16) 17. Bxg5 $18 Rg8 {[#]} 18. Bh4 {Hoping for h3.} Qa5+ $2 (18... Qxe5 {was called for.} 19. Qxe5+ Nxe5) 19. c3 Qa4 (19... b4 $142 20. h3 (20. Qf4 Qc7 $18) 20... bxc3 21. bxc3 Qc7) 20. e6 f6 21. Qc7 {Threatening mate with Qf7+!} Ne5 22. Bxf6 Rxg2 23. Qxe5 {[%mdl 64] [#] Double Attack. White mates.} Rxe2+ 24. Kxe2 Qc2+ 25. Ke1 Be3 26. Qxh5+ Kf8 27. Qf7# {Black did not feel at home in the position after the opening.  Weighted Error Value: White=0.02/Black=0.95} 1-0

[Event "I Magistral Barbera del Valles 2021"]
[Site "Barbera del Valles"]
[Date "2021.11.24"]
[Round "4.4"]
[White "Asis Gargatagli, Hipolito"]
[Black "Munoz, Miguel"]
[Result "1/2-1/2"]
[WhiteElo "2502"]
[BlackElo "2450"]
[Annotator "TA"]
[PlyCount "54"]
[EventDate "2021.11.20"]
[EventType "tourn"]
[EventCountry "ESP"]
[SourceTitle "playchess.com"]
[Source "ChessBase"]
[SourceQuality "1"]

{[%evp 11,54,11,27,22,29,0,5,0,0,0,33,38,32,22,30,24,22,27,18,24,24,21,20,21,28,29,34,24,33,27,29,28,36,25,35,27,42,0,0,0,0,0,0,0,0]} 1. e4 c5 2. Nf3 Nc6 3. Bb5 g6 4. O-O Bg7 5. c3 Nf6 6. Re1 a6 7. Bxc6 {7.Bxc6 scores better than 7.Bf1. B31: Sicilian: 2...Nc6 3 Bb5 g6.} dxc6 8. d4 cxd4 9. cxd4 Bg4 10. Nbd2 O-O (10... e5 $5) 11. h3 Bxf3 12. Nxf3 Nd7 13. Bg5 Re8 {[#]} 14. Qc2 $146 ({Predecessor:} 14. Qd2 Qb6 15. Rad1 e5 16. Be3 Qc7 17. dxe5 Nxe5 18. Nxe5 Qxe5 19. Bd4 Qxd4 20. Qxd4 Bxd4 21. Rxd4 {½-½ (32) Dory,J (2330)-Kiss,A (2365) Hungary 1993}) 14... Qa5 15. b4 Qb6 16. e5 Nf8 17. Be3 Qb5 18. Nd2 {[%cal Bf3d2,Bd2c4,Bc4a5,Ba5b3,Bb3c5][%mdl 32]} Ne6 19. Nc4 {aiming for a4.} Rad8 ({But not} 19... Qxb4 $2 20. Rab1 $18) 20. a4 Qd5 ({Don't blunder} 20... Qxb4 $2 21. Reb1 $18) 21. Rad1 {[#] Nb6 is the strong threat.} Nc7 22. Na5 $36 {[%mdl 2048] White has good play.} Rb8 23. Nb3 Ne6 24. f4 f5 {The position is equal.} 25. Nc5 Nc7 26. a5 e6 27. Kh2 Qd8 {Weighted Error Value: White=0.05/Black=0.03} 1/2-1/2

[Event "I Magistral Barbera del Valles 2021"]
[Site "Barbera del Valles"]
[Date "2021.11.24"]
[Round "4.5"]
[White "Rios, Cristian Camilo"]
[Black "Hernandez, Cristian"]
[Result "1-0"]
[WhiteElo "2460"]
[BlackElo "2376"]
[Annotator "RC"]
[PlyCount "45"]
[EventDate "2021.11.20"]
[EventType "tourn"]
[EventCountry "ESP"]
[SourceTitle "playchess.com"]
[Source "ChessBase"]
[SourceQuality "1"]
[TimeControl "5400+30"]

1. d4 {[%emt 0:00:24]} Nf6 {[%emt 0:00:20]} 2. c4 {[%emt 0:00:14]} e6 {[%emt 0:00:18]} 3. Nc3 {[%emt 0:00:12]} Bb4 {[%emt 0:00:30]} 4. Qc2 {[%emt 0:00:16]} O-O {[%emt 0:01:15]} 5. e4 {[%emt 0:00:08]} d5 {[%emt 0:00:15]} 6. e5 {[%emt 0:00:11]} Ne4 {[%emt 0:00:06]} 7. Bd3 {[%emt 0:00:17]} c5 {[%emt 0:00:44]} 8. Nf3 {[%emt 0:00:17]} cxd4 {[%emt 0:00:28]} 9. Nxd4 {[%emt 0:00:10]} Nc5 {[%emt 0:00:35]} 10. Bxh7+ {[%emt 0:14:56]} Kh8 {[%emt 0:00:05]} 11. Nf3 {[%emt 0:02:55]} d4 {[%emt 0:02:44]} 12. Bg5 {[%emt 0:05:24]} f6 {[%emt 0:24:27]} 13. O-O-O {[%emt 0:00:12]} d3 {[%emt 0:10:14]} 14. Bxd3 {[%emt 0:03:28]} fxg5 {[%emt 0:00:03]} 15. Bg6 {[%emt 0:00:51]} Qe7 {[%emt 0:03:39]} 16. h4 {[%emt 0:01:37]} g4 {[%emt 0:00:11]} 17. Ng5 {[%emt 0:00:20]} Rf4 {[%emt 0:09:26]} 18. Ne2 {[%emt 0:09:03]} Rxf2 {[%emt 0:00:59]} 19. Rhf1 {[%emt 0:00:08]} g3 {[%emt 0:02:38]} 20. Rxf2 {[%emt 0:00:30]} gxf2 {[%emt 0:00:06]} 21. Bf7 {[%emt 0:00:17]} Bd2+ {[%emt 0:01:42]} 22. Kxd2 {[%emt 0:01:06]} Qd8+ {[%emt 0:00:55]} 23. Ke3 {[%emt 0:00:22]} 1-0

[Event "I Magistral Barbera del Valles 2021"]
[Site "Barbera del Valles"]
[Date "2021.11.25"]
[Round "5.1"]
[White "Hernandez, Cristian"]
[Black "Garriga Cazorla, Pere"]
[Result "0-1"]
[WhiteElo "2376"]
[BlackElo "2477"]
[Annotator "TA"]
[PlyCount "102"]
[EventDate "2021.11.20"]
[EventType "tourn"]
[EventCountry "ESP"]
[SourceTitle "playchess.com"]
[Source "ChessBase"]
[SourceQuality "1"]

{[%evp 14,102,17,21,31,36,100,59,54,52,50,50,50,50,70,78,81,70,80,71,93,84,118,81,86,69,104,102,104,81,122,95,97,96,127,101,96,80,54,0,19,19,43,16,42,-8,0,-34,21,-143,-33,-30,-20,-97,-97,-100,-100,-101,-101,-102,-106,-125,-125,-127,-106,-106,-106,-106,-106,-205,-205,-1160,-1160,-1146,-966,-986,-906,-874,-772,-627,-193,-561,-193,-219,-193,-12840,-12840,-12828,0,-208,-193]} 1. c4 Nf6 2. Nf3 c5 3. Nc3 Nc6 4. e3 e5 5. d4 cxd4 6. exd4 e4 7. Ne5 Bb4 8. Be2 O-O {A34: Symmetrical English: 2 Nc3, lines with ...d5.} 9. O-O Qe7 {[#]} ({Black should play} 9... d6 $14 10. Nxc6 bxc6) 10. Bg5 $146 ({Predecessor:} 10. Bf4 Bxc3 11. bxc3 d6 12. Nxc6 bxc6 13. Qa4 Bd7 14. Qa3 c5 15. Qa6 e3 16. Qxd6 Qxd6 17. Bxd6 exf2+ 18. Rxf2 {1-0 (49) Lagno,K (2546)-Muzychuk,M (2490) Gaziantep 2012}) 10... Bxc3 {White is slightly better.} 11. Nxc6 ({Don't play} 11. bxc3 Nxe5 12. dxe5 Qxe5 $15) 11... dxc6 12. bxc3 h6 13. Bf4 Rd8 14. a4 {[%cal Ba2a4,Ba4a5][%mdl 32]} Bf5 15. a5 Rd7 16. Re1 c5 17. d5 Ne8 18. Bf3 Nf6 19. Re3 Re8 {[#]} 20. h3 $1 Bg6 21. Be2 Nh7 22. Rb1 Nf8 23. Qe1 Bh7 24. g4 f5 25. gxf5 Bxf5 26. Bh2 (26. Bd1 $14) 26... Ng6 27. Kh1 Kh7 28. Qg1 Ne5 29. Qg3 Qf6 30. Re1 Rf7 (30... Ree7 $15) 31. Bh5 $2 (31. f3 $11) 31... g6 ({Black should try} 31... Nxc4 $17 {White must now prevent ...g6.} 32. Bxf7 Qxf7) 32. Be2 $15 Ree7 33. f3 (33. Rf1 $11) 33... Nxf3 $17 34. Bxf3 exf3 35. Rxe7 Rxe7 36. Rxe7+ Qxe7 37. Qe5 Qxe5 38. Bxe5 Bxh3 {[%mdl 4096] [#] Endgame ( -> ...f2). KB-KB} 39. Kg1 a6 40. Kf2 Bg4 41. d6 (41. Bd6 $17) 41... g5 $19 42. d7 $2 (42. Bf6) 42... Bxd7 43. Kxf3 Kg6 44. Bd6 Kf5 45. Bxc5 h5 46. Be7 h4 $2 (46... Bc6+ 47. Ke3 h4) 47. Kg2 $2 (47. c5 {is tougher.}) 47... Kg4 $2 (47... Bc6+ 48. Kf2 Bd7) 48. Kf2 Bc6 49. Bd6 $2 (49. c5) 49... Kh3 50. Be7 Kg4 $2 (50... g4 51. Ke3 g3) 51. Bd6 Kh5 {Weighted Error Value: White=0.59/Black=0.51} 0-1